000 00372nam a2200145Ia 4500
008 230917s9999||||xx |||||||||||||| ||und||
040 _e44645
_aMAIN
041 _aEnglish
082 _a294.6 A48M
100 _aAhluwalia, Jasbir Singh, ed
245 0 _aMetaphysical problems of Sikhism
260 _aChandigarh
_bSameer Prakashan
_c1976
300 _a78 p.
942 _cBK
999 _c37080
_d37080